1595 1202 1142 1929 1309 1451 1988 1705 1567 1174 1436 1411 1513 1481 1323 1786 1291 1540 1556 1863 1763 1483 1512 1115 1509 1338 1352 1687 1493 1724 1544 1735 1496 1268 1743 1917 1444 1256 1588 1035 1661 1040 1123 1879 1895 1432 1111 1273 1441 1660 1673 1689 1976 1073 1317 1660 1483 1991 1428 1222 1472 1761 1822 1191 1576 1447 1427 1366 1082 1966 1549 1378 1326 1638 1238 1076 1516 1294 1871 1601 1336 1697 1183 1166 1503 1665 1757 1083 1411 1837 1581 1359 1750 1434 1139 1068 1082 1239 1828 BCNSPRNW ULIB Ver.6.0+V

เปลี่ยนเป็นภาษาไทย

Change to English
 แสดงรายละเอียดบรรณานุกรม
  กลับหน้าหลัก

Brief Record : Get Marc (ISO 2709) : E-mail record : QR code < ปิดหน้าต่าง
LEADER : 00000nam 2200000uu 4500
001    13399111090
003     ULIB
008    110616s||||||||th 000 0 tha d
020    9748463672
050  4 BF441^bก793ก 2545
100 0  เกรียงศักดิ์ เจริญวงศ์ศักดิ์
245 10 การคิดเชิงประยุกต์ =^bApplicative thinking /^cเกรียงศักด์ เจริญวงศ์ศักดิ์
246 31 Applicative thinking
250    พิมพ์ครั้งที่ 1
260    กรุงเทพฯ :^bซัคเซส มีเดีย,^c2545
300    xviii, 163 หน้า :^bภาพประกอบ ;^c21 ซม.
440  0 หนังสือชุด ผู้ชนะ 10 คิด
650  7 ความคิดและการคิด
945    ^p150^l0^i015322
945    ^p150^l0^i015321
945    ^p150^l0^i015320
995    ทศพร
999 ^a ใช้งานได้ทุกระบบ
รายการนี้ยังไม่มีแท็ก
คุณยังไม่ได้ล็อกอิน คุณสามารถมีกิจกรรมร่วมกับเว็บไซต์ได้ แต่ต้องล็อกอินก่อน ::
  ล็อกอิน

รายการสื่อสารสนเทศ

ลำดับที่ ประเภท เลขเรียก/บาร์โค้ด สถานที่ สถานะ
1. การศึกษาทั่วไป
การศึกษาทั่วไป
BF441 ก793ก 2545 ฉ.2 
  Barcode: 015321
ห้องสมุดวิทยาเขตนครสวรรค์
►หนังสือทั่วไป:l:General Books
บนชั้น
2. การศึกษาทั่วไป
การศึกษาทั่วไป
BF441 ก793ก 2545 ฉ.3 
  Barcode: 015322
ห้องสมุดวิทยาเขตนครสวรรค์
►หนังสือทั่วไป:l:General Books
บนชั้น

รายการใกล้เคียง
    ผู้แต่ง [เกรียงศักดิ์ เจริญวงศ์ศักดิ์]

    หัวเรื่อง [ความคิดและการคิด]

BibComment


ยังไม่เคยถูกคอมเมนท์

คอมเมนท์ทรัพยากรรายการนี้
  คอมเมนท์: การคิดเชิงประยุกต..


 Copyright 2026. Bcnsprnw @Library